Otevřené kanceláře mají své výhody i nevýhody
Open space Češi príliš nemilujú. Ekonomické motívy pre open space. Pravidlá chovania v kójach.
Salvato in:
| Natura: | Capitolo di libro |
|---|---|
| Lingua: | ceco |
| Soggetti: | |
| Tags: |
Nessun Tag, puoi essere il primo ad aggiungerne!!
|
MARC
| LEADER | 00000naa$a2200000$$$4500 | ||
|---|---|---|---|
| 001 | 0076706 | ||
| 005 | 20231019114318.0 | ||
| 041 | 0 | |a cze | |
| 044 | |a CZ | ||
| 245 | 1 | 0 | |a Otevřené kanceláře mají své výhody i nevýhody |
| 520 | |a Open space Češi príliš nemilujú. Ekonomické motívy pre open space. Pravidlá chovania v kójach. | ||
| 610 | 2 | 0 | |a kancelárie |
| 610 | 2 | 0 | |a kancelárie veľkopriestorové |
| 610 | 2 | 0 | |a zamestnanci |
| 610 | 2 | 0 | |a správanie |